| 000 | 00617nam a2200229 a 4500 | ||
|---|---|---|---|
| 001 | nice12345678 | ||
| 003 | IN_TiNIC | ||
| 005 | 20260116014342.0 | ||
| 008 | 100105s2009 newa grp 000 0 eng | ||
| 020 |
_a9789380037035 _c850 |
||
| 082 | 0 | 0 |
_a954.092 _bMIS |
| 100 | _aMishra, Kaushlendra | ||
| 245 | _aHistory and Biography of Bharat Rantna Awardees | ||
| 260 |
_aNew Delhi _bNavyug Publishers & Distributors _c2009 |
||
| 300 | _a344p | ||
| 500 | _aincludes index and biblioraphy | ||
| 650 | _aBiography-Indians | ||
| 700 | 1 | _aMishra, Kaushlendra | |
| 902 | _bSRS | ||
| 942 | _cBK | ||
| 999 |
_c14938 _d14938 |
||